00468nam a2200085Ia 4500008004100000245002400041300025100065650001600316856005000332170517s9999 xx 000 0 und d aWhy Am I Still Fat? aObesity continues to plague every corner of society, and has brought about a flurry of critical health issues never before witnessed in modern medicine. The Australian produced documentary Why Am I Still Fat? focuses on the science behind this... xTechnology. uhttp://topdocumentaryfilms.com/why-still-fat/